000 00735nam a22001817a 4500
005 20250804144853.0
010 _aENG-146333
020 _c650.00
_a9789389934359
035 _aEN-129865
037 _bDBAD
082 _a621.381
245 _aTransforming Tomorrow
_cNamit Gupta, Anjali Gupta, Naresh Purohit, Shiraz Husain
_bInnovative Solutions and Globlal Trends in Electrical and Electrocnics Engineering
260 _aNoida UP
_bD-5,SECTOR -2
_c2025
270 _bNoida
_aD-5,Sector-2
_e201 301
_k01204320295/ 2542557/4352866
_mdelhi.book@alliedpublishers.com
300 _a189p.
_c25cm(hb)
700 _aGupta, Namit , Gupta Anjali, Naresh Purohit, Shairaz Husain
_983692
942 _cEN
_h621.381
_mTRA
_e1
_2ddc
999 _c212859
_d212859